000 01069nam0a2200313 4500
001 RU\NLR\bibl\958777
005 20250614203613.0
010 _a5-1702829-9
_bАСТ
010 _a5-9713-2206-0
_bАСТ Москва
010 _a5-9578-2440-2
_bТранзиткнига
_95000
021 _aRU
_b2006-31370
_91565
035 _a(NLR Aleph) 000946830
090 _a254687
_c254687
100 _a20060614d2006 |||y0rusy50 ca
101 1 _arus
_ceng
102 _aRU
105 _ay |||||||||
200 1 _aНевидимки
_e[роман]
_fЧак Паланик
_g[пер. с англ. Ю. Волковой]
210 _aМосква
_cАСТ [и др.]
_d2006
215 _a300 с.
_d17
225 1 _aАльтернатива
320 _aДр. работы авт. на 4-й с. обл.
686 _aШ6(7США)67-440.4{Лх1979-50}
700 1 _4070
_7ca
_8rus
_aПаланик
_bЧ.
_f1962-
_gЧак
_9217774
_3RU\NLR\AUTH\770217830
801 0 _aRU
_bNLR
_c20060614
_grcr
801 1 _aRU
_bNLR
_c20060614
942 _cBOOK
980 _aNB